000 01190nam a2200241Ia 4500
999 _c49236
_d49236
001 16148
003 GE_BSU
005 20211028122547.0
008 181216s2014||||ge |||||||||||||| ||geo||
020 _a19877579
040 _cGE_BSU
041 _ageo
080 _a159.9.07 ფ-96
245 _aფსიქოლოგიური გამოკვლევები.
_bკრებული. ტომი VII.
_cრედკოლეგია ნოდარ ბარამიძე., გ. ჩაგანავა, ირაკლი გორგილაძე და სხვ.რედ. ნ. ბარამიძე. გ.ჩაგანავა.
264 _aბათუმი
_bბსუ,
_c2014
300 _a187 გვ.;
_b20 სმ.
653 _aფსიქოლოგია
653 _aფსიქოლოგიური გამოკვლევები
653 _aსასკოლო სწავლების საკითხები
700 _aბარამიძე, ნოდარ
_eრედაქტორი
_912748
700 _aჩაგანავა, გურამ
_eრედაქტორი
_912749
942 _cBK
_2udc